[Event "Doeberl Cup 2008"]
[Site "Canberra AUS"]
[Date "2008.03.20"]
[Round "2.37"]
[White "Berezina, Irina"]
[Black "Feldman, Vladimir"]
[Result "1/2-1/2"]
[WhiteElo "2246"]
[BlackElo "2301"]
[PlyCount "22"]
[EventDate "2008.03.20"]
[EventType "swiss"]
[EventRounds "9"]
[EventCountry "AUS"]
[Source "lmi"]
[SourceDate "2008.03.20"]

1. Nf3 Nf6 2. g3 g6 3. Bg2 Bg7 4. O-O O-O 5. d3 c5 6. e4 Nc6 7. c3 d6 8. Nbd2
Ne8 9. a4 Nc7 10. Qc2 e5 11. Nc4 Be6 1/2-1/2

[Event "Doeberl Cup 2008"]
[Site "Canberra AUS"]
[Date "2008.03.21"]
[Round "3.2"]
[White "Malakhatko, Vadim"]
[Black "Li, Ruofan"]
[Result "1-0"]
[WhiteElo "2600"]
[BlackElo "2425"]
[PlyCount "65"]
[EventDate "2008.03.20"]
[EventType "swiss"]
[EventRounds "9"]
[EventCountry "AUS"]
[Source "lmi"]
[SourceDate "2008.03.20"]

1. d4 Nf6 2. c4 e6 3. Nf3 b6 4. g3 Bb7 5. Bg2 Bb4+ 6. Bd2 Bxd2+ 7. Qxd2 O-O 8.
O-O d6 9. Nc3 Ne4 10. Nxe4 Bxe4 11. Qc3 Nd7 12. Rfd1 Qe7 13. b4 a5 14. a3 e5
15. Nxe5 axb4 16. axb4 dxe5 17. Bxe4 exd4 18. Qxd4 Rad8 19. Bg2 Nf6 20. Qb2 h6
21. Bf3 Rd6 22. Rxd6 Qxd6 23. Qc3 Rd8 24. c5 bxc5 25. bxc5 Qe7 26. c6 Ne4 27.
Qe3 f5 28. Ra4 Re8 29. Bh5 Nc5 30. Qxe7 Rxe7 31. Ra5 Re5 32. f4 Rd5 33. Kf2 1-0

[Event "Doeberl Cup 2008"]
[Site "Canberra AUS"]
[Date "2008.03.21"]
[Round "3.3"]
[White "Ganguly, Surya Shekhar"]
[Black "Bitansky, Igor"]
[Result "1/2-1/2"]
[WhiteElo "2579"]
[BlackElo "2424"]
[PlyCount "59"]
[EventDate "2008.03.20"]
[EventType "swiss"]
[EventRounds "9"]
[EventCountry "AUS"]
[Source "lmi"]
[SourceDate "2008.03.20"]

1. e4 c5 2. Nf3 Nc6 3. d4 cxd4 4. Nxd4 e5 5. Nb5 d6 6. N1c3 a6 7. Na3 b5 8. Nd5
Nge7 9. c4 Nd4 10. Be3 Nxd5 11. cxd5 Be7 12. Bd3 O-O 13. O-O Bf6 14. Qd2 Bb7
15. Rad1 Rc8 16. Bb1 Re8 17. Rfe1 g6 18. Bxd4 exd4 19. Nc2 Qb6 20. Nxd4 Bxd5
21. Nf5 gxf5 22. Qxd5 Qc5 23. Qd3 fxe4 24. Rxe4 Rxe4 25. Qxe4 Qh5 26. Re1 Bxb2
27. Qb7 Rc5 28. h3 Be5 29. Qxa6 Kg7 30. Qa3 1/2-1/2

[Event "Doeberl Cup 2008"]
[Site "Canberra AUS"]
[Date "2008.03.21"]
[Round "3.4"]
[White "Jones, Gawain C B"]
[Black "Lane, Gary W"]
[Result "1/2-1/2"]
[WhiteElo "2562"]
[BlackElo "2412"]
[PlyCount "34"]
[EventDate "2008.03.20"]
[EventType "swiss"]
[EventRounds "9"]
[EventCountry "AUS"]
[Source "lmi"]
[SourceDate "2008.03.20"]

1. e4 e5 2. Nf3 Nc6 3. Bb5 a6 4. Ba4 Nf6 5. d3 d6 6. c4 g6 7. Nc3 Bg7 8. d4
exd4 9. Nxd4 Bd7 10. Bg5 O-O 11. Nxc6 Bxc6 12. Bxc6 bxc6 13. Qf3 h6 14. Bh4 Qe7
15. O-O Qe6 16. Rac1 Rae8 17. Rfe1 Nd7 1/2-1/2

[Event "Doeberl Cup 2008"]
[Site "Canberra AUS"]
[Date "2008.03.21"]
[Round "3.7"]
[White "Johansen, Darryl K"]
[Black "Skiotis, Pano"]
[Result "1-0"]
[WhiteElo "2475"]
[BlackElo "2174"]
[PlyCount "67"]
[EventDate "2008.03.20"]
[EventType "swiss"]
[EventRounds "9"]
[EventCountry "AUS"]
[Source "lmi"]
[SourceDate "2008.03.20"]

1. c4 g6 2. d4 Bg7 3. e4 d6 4. Nc3 Nf6 5. h3 O-O 6. Bg5 h6 7. Be3 e5 8. d5 Kh7
9. g4 c6 10. Nge2 b5 11. cxb5 cxd5 12. Nxd5 Nxe4 13. Bg2 f5 14. Bxe4 fxe4 15.
Nec3 Bb7 16. Qa4 Nd7 17. Qxe4 Nc5 18. Bxc5 dxc5 19. O-O-O Rb8 20. h4 Rxf2 21.
h5 Qg5+ 22. Kb1 Rf4 23. Qxg6+ Qxg6+ 24. hxg6+ Kg8 25. Nxf4 Bxh1 26. Nh5 Bf3 27.
Rd7 Rb7 28. Rd8+ Bf8 29. g7 Rf7 30. gxf8=Q+ Rxf8 31. Nf6+ Kf7 32. Rxf8+ Kxf8
33. Nd7+ Ke7 34. Nxe5 1-0

[Event "Doeberl Cup 2008"]
[Site "Canberra AUS"]
[Date "2008.03.21"]
[Round "3.18"]
[White "Rej, Tomek"]
[Black "Flitney, Adrian"]
[Result "1-0"]
[WhiteElo "2283"]
[BlackElo "2002"]
[PlyCount "97"]
[EventDate "2008.03.20"]
[EventType "swiss"]
[EventRounds "9"]
[EventCountry "AUS"]
[Source "lmi"]
[SourceDate "2008.03.20"]

1. d4 g6 2. c4 c5 3. d5 Bg7 4. e4 b5 5. cxb5 a6 6. bxa6 Bxa6 7. Bxa6 Nxa6 8.
Nf3 Qa5+ 9. Bd2 Qb6 10. Nc3 Nf6 11. O-O O-O 12. Ne5 d6 13. Nc4 Qb7 14. Qe2 Nd7
15. Na5 Qb6 16. Nc6 Nb4 17. Nxe7+ Kh8 18. Qb5 Qxb5 19. Nxb5 Bxb2 20. Rab1 Bf6
21. Nc6 Rxa2 22. Bxb4 cxb4 23. Rxb4 Nb8 24. Rc4 Nxc6 25. Rxc6 Rb8 26. Nxd6 Bd4
27. Rc4 Bxf2+ 28. Rxf2 Rb1+ 29. Rf1 Rbb2 30. Rc8+ Kg7 31. Rxf7+ Kh6 32. Nf5+
gxf5 33. Rc6+ Kg5 34. Rxf5+ Kg4 35. h3+ Kg3 36. Rf3+ Kh4 37. Rf4+ Kg5 38. Rg4+
Kh5 39. Rf6 Re2 40. Rf7 Kh6 41. Kh2 Rad2 42. Rgg7 Rxe4 43. Rxh7+ Kg6 44. Rd7
Ree2 45. Rhg7+ Kh6 46. Rg4 Rf2 47. Rd8 Kh7 48. Rdg8 Rxd5 49. R8g5 1-0

[Event "Doeberl Cup 2008"]
[Site "Canberra AUS"]
[Date "2008.03.21"]
[Round "3.19"]
[White "Bennett, Hilton"]
[Black "Samar, Raul"]
[Result "1-0"]
[WhiteElo "2094"]
[BlackElo "2254"]
[PlyCount "71"]
[EventDate "2008.03.20"]
[EventType "swiss"]
[EventRounds "9"]
[EventCountry "AUS"]
[Source "lmi"]
[SourceDate "2008.03.20"]

1. e4 c6 2. d4 d5 3. e5 Bf5 4. Be3 e6 5. Nd2 Nd7 6. Be2 c5 7. Ngf3 Qb6 8. O-O
Bg6 9. c4 Nh6 10. Nb3 dxc4 11. Bxc4 Nf5 12. d5 Nxe3 13. fxe3 O-O-O 14. d6 Bh5
15. Qc2 Bxf3 16. gxf3 Nxe5 17. Nxc5 Kb8 18. b4 Bxd6 19. Be2 g5 20. a4 a5 21.
Na6+ bxa6 22. bxa5 Qxe3+ 23. Kh1 Ka7 24. Rab1 Rb8 25. Rb6 Rxb6 26. axb6+ Qxb6
27. Rb1 Qc5 28. Qd2 g4 29. Rc1 Qb4 30. Qe3+ Kb8 31. f4 Nf3 32. Qd3 Qxf4 33.
Rb1+ Bb4 34. Bxf3 gxf3 35. Qc3 Ka7 36. Rxb4 1-0

[Event "Doeberl Cup 2008"]
[Site "Canberra AUS"]
[Date "2008.03.21"]
[Round "3.22"]
[White "Rout, Ian C"]
[Black "Dragicevic, Domagoj"]
[Result "0-1"]
[WhiteElo "1990"]
[BlackElo "2215"]
[PlyCount "106"]
[EventDate "2008.03.20"]
[EventType "swiss"]
[EventRounds "9"]
[EventCountry "AUS"]
[Source "lmi"]
[SourceDate "2008.03.20"]

1. d4 b6 2. Nf3 Bb7 3. Nbd2 e6 4. e4 Nf6 5. Bd3 d5 6. Qe2 Be7 7. O-O O-O 8. c3
dxe4 9. Nxe4 Nbd7 10. Ne5 Nxe5 11. dxe5 Nxe4 12. Bxe4 Bxe4 13. Qxe4 Qd7 14. Qg4
Rfd8 15. Bh6 g6 16. Rae1 Qb5 17. Bc1 Rd3 18. h4 h5 19. Qf4 Rad8 20. Kh2 a5 21.
Re3 Bc5 22. Rxd3 Rxd3 23. Qf6 Bf8 24. Re1 Bg7 25. Qg5 Rd5 26. f4 Rd3 27. g4 Qd5
28. gxh5 Qf3 29. Qg2 Qxh5 30. Qg5 Qf3 31. Qg2 Qxg2+ 32. Kxg2 Bf8 33. Rh1 Bc5
34. h5 Kg7 35. hxg6 Kxg6 36. Re1 Kf5 37. Rh1 Kg4 38. Rh7 Rg3+ 39. Kh2 Kf3 40.
Rxf7 Rg2+ 41. Kh3 Rg1 42. Kh4 Rxc1 43. Kg5 Be3 44. Kf6 Bxf4 45. Rxc7 Re1 46.
Rc6 Bxe5+ 47. Ke7 Bf4 48. Rxb6 e5 49. b4 axb4 50. cxb4 e4 51. a4 e3 52. Re6 e2
53. Rxe2 Rxe2+ 0-1

[Event "Doeberl Cup 2008"]
[Site "Canberra AUS"]
[Date "2008.03.21"]
[Round "3.23"]
[White "Farrell, Roger S"]
[Black "Wyss, Felix"]
[Result "1-0"]
[WhiteElo "2208"]
[BlackElo "1954"]
[PlyCount "41"]
[EventDate "2008.03.20"]
[EventType "swiss"]
[EventRounds "9"]
[EventCountry "AUS"]
[Source "lmi"]
[SourceDate "2008.03.20"]

1. d4 d5 2. c4 e6 3. Nc3 c6 4. e3 Bd6 5. Nf3 Nd7 6. Bd3 Ngf6 7. O-O O-O 8. e4
dxe4 9. Nxe4 Nxe4 10. Bxe4 e5 11. Bg5 f6 12. Bh4 exd4 13. Qxd4 Nc5 14. Bc2 Be6
15. b4 Na6 16. Qe4 Re8 17. Qxh7+ Kf8 18. Rad1 Qc7 19. c5 Bf4 20. Qh8+ Bg8 21.
Bb3 1-0

[Event "Doeberl Cup 2008"]
[Site "Canberra AUS"]
[Date "2008.03.21"]
[Round "3.28"]
[White "Dalton, Samuel"]
[Black "Caoili, Arianne"]
[Result "0-1"]
[WhiteElo "1735"]
[BlackElo "2144"]
[PlyCount "70"]
[EventDate "2008.03.20"]
[EventType "swiss"]
[EventRounds "9"]
[EventCountry "AUS"]
[Source "lmi"]
[SourceDate "2008.03.20"]

1. e4 e5 2. Nf3 Nc6 3. Bb5 a6 4. Ba4 Nf6 5. O-O Be7 6. Re1 b5 7. Bb3 d6 8. c3
O-O 9. h3 Na5 10. Bc2 c5 11. d4 Nd7 12. Nbd2 cxd4 13. cxd4 Nc6 14. dxe5 dxe5
15. Nf1 Nc5 16. a3 b4 17. Ne3 Qxd1 18. Rxd1 b3 19. Bb1 Rd8 20. Rxd8+ Bxd8 21.
Nc4 Be6 22. Ncxe5 Nxe5 23. Nxe5 Bf6 24. Nd3 Rd8 25. Nxc5 Rd1+ 26. Kh2 Rxc1 27.
Nd3 Rd1 28. f4 Bd4 29. a4 Bc4 30. Ra3 Rxb1 31. e5 g6 32. e6 fxe6 33. Ne5 Bxb2
34. Nxc4 Bxa3 35. Nxa3 Ra1 0-1

[Event "Doeberl Cup 2008"]
[Site "Canberra AUS"]
[Date "2008.03.21"]
[Round "3.32"]
[White "Stojic, Dusan"]
[Black "Stojic, Svetozar"]
[Result "1-0"]
[WhiteElo "2155"]
[BlackElo "1995"]
[PlyCount "23"]
[EventDate "2008.03.20"]
[EventType "swiss"]
[EventRounds "9"]
[EventCountry "AUS"]
[Source "lmi"]
[SourceDate "2008.03.20"]

1. e4 c5 2. Nc3 Nc6 3. f4 g6 4. Nf3 Bg7 5. Bc4 e6 6. O-O Nge7 7. d3 a6 8. a4
O-O 9. Qe1 d6 10. f5 exf5 11. Qh4 fxe4 12. Ng5 1-0

[Event "Doeberl Cup 2008"]
[Site "Canberra AUS"]
[Date "2008.03.21"]
[Round "3.35"]
[White "De Noskowski, Adrian"]
[Black "Dilla, Edsil"]
[Result "0-1"]
[WhiteElo "1959"]
[BlackElo "2153"]
[PlyCount "98"]
[EventDate "2008.03.20"]
[EventType "swiss"]
[EventRounds "9"]
[EventCountry "AUS"]
[Source "lmi"]
[SourceDate "2008.03.20"]

1. d4 d5 2. c4 c6 3. Nf3 Nf6 4. e3 e6 5. Nc3 Nbd7 6. Qc2 Bd6 7. Be2 O-O 8. O-O
Re8 9. e4 dxe4 10. Nxe4 Nxe4 11. Qxe4 e5 12. dxe5 Nxe5 13. Nxe5 Rxe5 14. Qc2
Bf5 15. Qd1 Qf6 16. Be3 Qe6 17. Qb3 Re8 18. Bf3 Be4 19. Bf4 Bxf3 20. gxf3 Rh5
21. Bg3 Bxg3 22. fxg3 Qh6 23. Qc2 Rhe5 24. Rf2 Qh3 25. Raf1 h5 26. Rg2 Re3 27.
b3 Qe6 28. Qb2 Qf5 29. f4 Qg4 30. Qd4 b6 31. Qd6 R3e6 32. Qd7 R8e7 33. Qd8+ Re8
34. Qc7 Re1 35. Rgf2 h4 36. f5 Rxf1+ 37. Rxf1 Qd4+ 38. Kg2 Re2+ 39. Kh3 Qd2 40.
Kxh4 Rxh2+ 41. Kg4 Qh6 42. Qd8+ Kh7 43. Kf3 Qh5+ 44. Kf4 f6 45. Qd3 Qg5+ 46.
Ke4 c5 47. Rf4 Qh5 48. a4 Re2+ 49. Kd5 Qe8 0-1

[Event "Doeberl Cup 2008"]
[Site "Canberra AUS"]
[Date "2008.03.21"]
[Round "3.37"]
[White "Moylan, Laura"]
[Black "Canfell, Mike J"]
[Result "1-0"]
[WhiteElo "2092"]
[BlackElo "1941"]
[PlyCount "69"]
[EventDate "2008.03.20"]
[EventType "swiss"]
[EventRounds "9"]
[EventCountry "AUS"]
[Source "lmi"]
[SourceDate "2008.03.20"]

1. e4 c5 2. Nf3 d6 3. d4 cxd4 4. Nxd4 Nf6 5. Nc3 a6 6. f4 e6 7. Qf3 Qb6 8. Nb3
Qc7 9. a4 b6 10. Bd3 Bb7 11. O-O Nbd7 12. Bd2 Be7 13. Rae1 O-O 14. Qh3 Rfe8 15.
Nd4 g6 16. Nf3 Bf8 17. e5 dxe5 18. fxe5 Nd5 19. Ng5 Bc5+ 20. Kh1 Nf8 21. Rxf7
Re7 22. Rxe7 Bxe7 23. Nxe6 Qd7 24. Nxd5 Bxd5 25. Nf4 Ne6 26. Nxe6 Bxe6 27. Bc4
Qxd2 28. Qxe6+ Kh8 29. Rf1 Qg5 30. Rf7 Qc1+ 31. Bf1 Rf8 32. Rxf8+ Bxf8 33. Qf6+
Kg8 34. e6 Qe1 35. Qf7+ 1-0

[Event "Doeberl Cup 2008"]
[Site "Canberra AUS"]
[Date "2008.03.21"]
[Round "3.39"]
[White "Muller, Jonas"]
[Black "Zulfic, Fedja"]
[Result "0-1"]
[WhiteElo "1993"]
[BlackElo "1933"]
[PlyCount "126"]
[EventDate "2008.03.20"]
[EventType "swiss"]
[EventRounds "9"]
[EventCountry "AUS"]
[Source "lmi"]
[SourceDate "2008.03.20"]

1. e4 c5 2. Nf3 Nc6 3. d4 cxd4 4. Nxd4 g6 5. Nc3 Bg7 6. Be3 Nf6 7. Bc4 O-O 8.
Bb3 a5 9. f3 d5 10. exd5 Nb4 11. Nde2 a4 12. Nxa4 Nfxd5 13. Bd4 Bxd4 14. Qxd4
Rxa4 15. Bxa4 Qa5 16. c3 e5 17. Qd2 Rd8 18. Rd1 Qxa4 19. cxb4 Rd7 20. b3 Qa6
21. Rc1 b5 22. O-O Nf4 23. Qc2 Qa7+ 24. Kh1 Nxe2 25. Qxe2 Bb7 26. Qxe5 Qa8 27.
Qe3 Rd8 28. Rfd1 Re8 29. Qf2 Bd5 30. Rc5 Be6 31. Rxb5 Bf5 32. Rc5 Qa7 33. Qd2
Qe7 34. a4 h5 35. Rcc1 h4 36. Re1 Be6 37. b5 h3 38. g3 Rd8 39. Qe2 Qb7 40. b4
Bd5 41. Rc3 Rd6 42. Kg1 Re6 43. Qf2 Rf6 44. Qd4 Kg7 45. Re5 Qa8 46. a5 Qb7 47.
b6 Qd7 48. Rd3 Qa4 49. Qxd5 Qa1+ 50. Kf2 Qh1 51. Rd2 Qxh2+ 52. Ke3 Qxg3 53. Ke2
h2 54. Rd1 Qg2+ 55. Ke3 Re6 56. Kd4 Qf2+ 57. Kc4 Qa2+ 58. Kc5 Qf2+ 59. Qd4
Qxd4+ 60. Kxd4 Rd6+ 61. Kc5 Rxd1 62. b7 h1=Q 63. b8=Q Qg1+ 0-1

[Event "Doeberl Cup 2008"]
[Site "Canberra AUS"]
[Date "2008.03.21"]
[Round "3.40"]
[White "Pickering, Anthony"]
[Black "Szuveges, Narelle"]
[Result "1-0"]
[WhiteElo "1965"]
[BlackElo "1867"]
[PlyCount "95"]
[EventDate "2008.03.20"]
[EventType "swiss"]
[EventRounds "9"]
[EventCountry "AUS"]
[Source "lmi"]
[SourceDate "2008.03.20"]

1. e4 c5 2. Nf3 d6 3. d4 cxd4 4. Nxd4 Nf6 5. Nc3 a6 6. a4 e6 7. Be2 Be7 8. O-O
O-O 9. f4 Nc6 10. Be3 Qc7 11. Qe1 Nxd4 12. Bxd4 Bd7 13. Qg3 Rfc8 14. a5 Bc6 15.
Kh1 Ne8 16. f5 e5 17. Be3 f6 18. Bb6 Qd7 19. Bc4+ d5 20. Nxd5 Kh8 21. Nxe7 Qxe7
22. Be6 Bd7 23. Bxd7 Qxd7 24. Rfd1 Qb5 25. Qa3 h6 26. Rd2 Qc4 27. Rad1 Qxe4 28.
Qf8+ Kh7 29. Qf7 Qxf5 30. c3 Rab8 31. Rd7 Qg4 32. R1d3 Qg6 33. Qe7 Rc4 34. h3
e4 35. Re3 Ra4 36. Kh2 Qg5 37. Rg3 Qf5 38. Be3 Qe5 39. Qf7 Ra1 40. Qg6+ Kh8 41.
Rxg7 Qxg3+ 42. Qxg3 Nxg7 43. Qxb8+ Kh7 44. Qxb7 Re1 45. Bd4 Rf1 46. Qxe4+ Nf5
47. g4 Rf2+ 48. Bxf2 1-0

[Event "Doeberl Cup 2008"]
[Site "Canberra AUS"]
[Date "2008.03.21"]
[Round "3.41"]
[White "Mitchell, Robert"]
[Black "Holland, Dennis"]
[Result "0-1"]
[WhiteElo "1904"]
[BlackElo "1960"]
[PlyCount "72"]
[EventDate "2008.03.20"]
[EventType "swiss"]
[EventRounds "9"]
[EventCountry "AUS"]
[Source "lmi"]
[SourceDate "2008.03.20"]

1. d4 d5 2. Nf3 e6 3. c4 c6 4. cxd5 exd5 5. g3 Bd6 6. Bg2 Nf6 7. Nc3 h6 8. O-O
Bf5 9. Ne5 Nbd7 10. f4 O-O 11. Qb3 Qb6 12. Qxb6 axb6 13. a3 b5 14. Be3 Nb6 15.
Kh1 Rfe8 16. Bg1 Nc4 17. Nxc4 bxc4 18. Rfe1 Ne4 19. Rac1 Nd2 20. Rcd1 Nb3 21.
e4 Bg4 22. e5 Bxd1 23. Rxd1 Bxa3 24. bxa3 Rxa3 25. Bf3 Rea8 26. Bg4 Ra1 27. Kg2
Rxd1 28. Bxd1 b5 29. Be3 b4 30. Ne2 Ra1 31. Bc2 Ra2 32. Bd1 g5 33. Bxb3 Rxe2+
34. Kf3 Rb2 35. Ba4 c3 36. Bxc6 Ra2 0-1